000 00192 a2200097 4500
020 _a823968685
041 _aspa
100 _aSuen Anastacia
245 _aLa historia del Baloncesto
942 _cBK
999 _c3870
_d3870